| 000 | 00702nam a2200265 a 4500 | ||
|---|---|---|---|
| 001 | 000108644 | ||
| 003 | CHAP | ||
| 005 | 20220329144019.0 | ||
| 008 | 140228s2012 it a |r| |||||||eng d | ||
| 010 | _a105106 | ||
| 011 | _a106078 | ||
| 040 | _cCHAP | ||
| 090 | _aFolleto 18393y | ||
| 245 | 1 | 0 |
_aGovernance of tenure : _bmaking it happen / _cpor FAO. |
| 260 |
_aRoma : _bFAO, _c2012. |
||
| 300 |
_a1 hoja plegable : _bil. |
||
| 590 |
_aE5995AHE _b05 _c20140228 _lUCH01 _h1327 |
||
| 650 | 1 | 4 |
_aCreatividad. _928870 |
| 650 | 1 | 4 |
_aGobierno. _948401 |
| 650 | 1 | 4 |
_aRecursos naturales _xAdministración. _995175 |
| 650 | 1 | 4 |
_aTierras _xTenencia. _9113130 |
| 901 | _aBK | ||
| 942 | _cFOLL | ||
| 942 | _n0 | ||
| 999 |
_c105106 _d105106 |
||